Latex based adhesives (Record no. 51000)

MARC details
000 -LEADER
fixed length control field 00432nam a2200121Ia 4500
100 ## - MAIN ENTRY--AUTHOR NAME
Personal name Gopalakrishnan K.S.
245 #0 - TITLE STATEMENT
Title Latex based adhesives
260 ## - PUBLICATION, DISTRIBUTION, ETC. (IMPRINT)
Name of publisher In: Lecture Notes of the Refresher Course for small scale latex goods manufactures. Rubber Research Institute of India, Kottayam, India, pp. 85-87.
Year of publication 1981
650 ## - SUBJECT ADDED ENTRY--TOPICAL TERM
Topical Term Latex adhesive
650 ## - SUBJECT ADDED ENTRY--TOPICAL TERM
Topical Term Latex product
942 ## - ADDED ENTRY ELEMENTS (KOHA)
Koha item type Bibliography STAF
Holdings
Withdrawn status Lost status Damaged status Not for loan Home library Current library Shelving location Date acquired Koha item type
      Bibliography RRII Library RRII Library Rubber chemistry 09/04/2014 Bibliography STAF